[Event "Detroit (MCO/4/26)"]
[Site "?"]
[Date "1990.??.??"]
[Round "?"]
[White "Smith, Ri"]
[Black "Sturgis, Derreck"]
[Result "1/2-1/2"]
[WhiteElo "1605"]
[BlackElo "1605"]
[PlyCount "74"]
[EventDate "1990.??.??"]

{4/(26)} 1. e4 c5 2. Nf3 Nc6 3. Nc3 e6 4. d4 cxd4 5. Nxd4 d5 6. Nxc6 bxc6 7.
exd5 cxd5 8. Bf4 Bb4 9. Qd4 Bxc3+ 10. bxc3 Nf6 11. Bg5 O-O 12. Bxf6 Qxf6 13.
Qc5 Bd7 14. Rb1 Rac8 15. Qb4 Qxc3+ 16. Qxc3 Rxc3 17. Rb2 e5 18. Ba6 Bc6 19. O-O
e4 20. Rd1 Rd8 21. Bb7 Bxb7 22. Rxb7 Rxc2 23. Rxa7 d4 24. h4 d3 25. f3 e3 26.
Rxd3 Rd2 27. Rxe3 g6 28. Ree7 Rf8 29. Rad7 Rxa2 30. f4 Kg7 31. Kh2 Rf2 32. Kg3
Rf1 33. Kg4 Rf2 34. g3 Kf6 35. Re5 h5+ 36. Kh3 Rf1 37. g4 Rxf4 1/2-1/2

[Event "Detroit (MCO/3/24)"]
[Site "?"]
[Date "1990.??.??"]
[Round "?"]
[White "Smith, Ri"]
[Black "Brewer, R."]
[Result "0-1"]
[WhiteElo "1605"]
[BlackElo "1605"]
[PlyCount "40"]
[EventDate "1990.??.??"]

{3/(24)} 1. e4 e5 2. Nc3 f5 3. Nf3 d6 4. d4 fxe4 5. Nxe4 Nf6 6. Bg5 Be7 7. dxe5
Nxe4 8. g3 Nxg5 9. Nxg5 Bxg5 10. Qe2 O-O 11. exd6 Re8 12. dxc7 Rxe2+ 13. Bxe2
Qxc7 14. Rd1 Nc6 15. O-O b6 16. Bb5 Bb7 17. Rfe1 Rd8 18. Bd3 Nd4 19. Bc4+ Qxc4
20. Re4 Nf3+ 0-1

[Event "Detroit (MI Op/7/39)"]
[Site "?"]
[Date "1990.??.??"]
[Round "?"]
[White "Smith, Mike A"]
[Black "Vaughn, Gerald"]
[Result "1/2-1/2"]
[WhiteElo "1795"]
[BlackElo "1605"]
[PlyCount "53"]
[EventDate "1990.??.??"]

{7/(39)} 1. e4 c5 2. Nf3 Nc6 3. d4 cxd4 4. Nxd4 Nxd4 5. Qxd4 Qc7 6. Nc3 e5 7.
Nb5 Qb8 8. Qd1 Nf6 9. Bd3 a6 10. Nc3 Bb4 11. Bd2 Qd6 12. O-O Qc6 13. Re1 d6 14.
a3 Bxc3 15. Bxc3 O-O 16. f3 Be6 17. Re2 Qb6+ 18. Kh1 Qd8 19. Rd2 Nh5 20. Bf1
Qh4 21. Qe1 Qg5 22. Rxd6 Rfd8 23. Rxd8+ Rxd8 24. Rd1 Ng3+ 25. hxg3 Qh6+ 26. Kg1
Rxd1 27. Qxd1 1/2-1/2

[Event "Detroit (MI Op/4/31)"]
[Site "?"]
[Date "1990.??.??"]
[Round "?"]
[White "Smith, Mike A"]
[Black "Skidmore, Mike"]
[Result "0-1"]
[WhiteElo "1795"]
[BlackElo "1955"]
[PlyCount "78"]
[EventDate "1990.??.??"]

{4/(31)} 1. e4 c6 2. d4 d5 3. exd5 cxd5 4. Bd3 Nf6 5. Nf3 e6 6. Bf4 Nbd7 7.
Nbd2 Be7 8. O-O O-O 9. c3 b6 10. Qc2 a5 11. Ne5 Bb7 12. Ndf3 Rc8 13. Rfe1 Nb8
14. Re2 Nc6 15. a3 h6 16. h3 Re8 17. Rae1 Rf8 18. Qb3 Nb8 19. Re3 Ba6 20. Bb1
Nbd7 21. Qc2 Ne4 22. Nd2 Ndf6 23. Nxe4 dxe4 24. Qd1 Bb7 25. Rg3 Kh8 26. Ree3
Qe8 27. Re1 Rg8 28. Qd2 Nh5 29. Rg4 Nxf4 30. Qxf4 f5 31. Rg6 Kh7 32. Re3 Bf6
33. Reg3 Qe7 34. Bc2 Bd5 35. Bd1 Bc4 36. Bh5 Bd5 37. c4 Bxc4 38. Nxc4 Rxc4 39.
Be2 Rxd4 0-1

[Event "Detroit (MI Op/6/39)"]
[Site "?"]
[Date "1990.??.??"]
[Round "?"]
[White "Smith, Mike A"]
[Black "Scott, Steven"]
[Result "0-1"]
[WhiteElo "1795"]
[BlackElo "1920"]
[PlyCount "70"]
[EventDate "1990.??.??"]

{6/(39)} 1. e4 c5 2. Nf3 d6 3. d4 cxd4 4. Nxd4 Nf6 5. Nc3 e6 6. Bg5 Be7 7. Qd2
a6 8. f3 b5 9. Bd3 Bb7 10. O-O-O Nbd7 11. Rde1 b4 12. Nd1 a5 13. g4 Qc7 14. h4
O-O 15. Ne2 Nc5 16. Kb1 d5 17. exd5 Nxd5 18. Bxe7 Nxe7 19. Ref1 Rfd8 20. Nf4
Nd5 21. Nxd5 Rxd5 22. Ne3 Rd7 23. Rhg1 Nxd3 24. cxd3 Rad8 25. Qf2 Rxd3 26. g5
Qf4 27. Rd1 Rxd1+ 28. Rxd1 Rxd1+ 29. Nxd1 Qxf3 30. Qd2 Qd5 31. Qe2 Qe4+ 32.
Qxe4 Bxe4+ 33. Ka1 Kf8 34. a4 Bc2 35. Ne3 Bxa4 0-1

[Event "Detroit (MI Op/3/43)"]
[Site "?"]
[Date "1990.??.??"]
[Round "?"]
[White "Smith, Mike A"]
[Black "Bee, A."]
[Result "1-0"]
[WhiteElo "1795"]
[BlackElo "1875"]
[PlyCount "61"]
[EventDate "1990.??.??"]

{3/(43)} 1. e4 d6 2. d4 Nf6 3. Bd3 g6 4. Bf4 Bg7 5. Qd2 O-O 6. Ne2 Nbd7 7. Nbc3
e5 8. Bh6 exd4 9. Nxd4 Ne5 10. Bxg7 Kxg7 11. O-O a6 12. f3 c5 13. Nde2 b5 14.
f4 Nxd3 15. Qxd3 Bb7 16. Ng3 Qb6 17. Rae1 Rfe8 18. Kh1 Rad8 19. Re2 Bc6 20. Nd5
Bxd5 21. exd5 c4 22. Qd2 Rxe2 23. Nxe2 Kg8 24. f5 Ng4 25. Qf4 gxf5 26. Qxf5 Ne5
27. Ng3 Qc7 28. Nh5 Ng6 29. Qf6 Kf8 30. Qg7+ Ke7 31. Rxf7+ 1-0

[Event "Lansing (MI Am/3/18)"]
[Site "?"]
[Date "1990.??.??"]
[Round "?"]
[White "Smith, Michael R"]
[Black "Smeltzer, P."]
[Result "1-0"]
[WhiteElo "1925"]
[BlackElo "1605"]
[PlyCount "41"]
[EventDate "1990.??.??"]

{3/(18)} 1. e4 c5 2. Nf3 d6 3. d4 cxd4 4. Nxd4 Nf6 5. Nc3 g6 6. Be3 Bg7 7. f3
O-O 8. Qd2 Nc6 9. O-O-O Nxd4 10. Bxd4 Be6 11. Be3 Qa5 12. Kb1 Nd7 13. Nd5 Qd8
14. Bh6 Nb6 15. h4 Bxd5 16. exd5 Rc8 17. h5 Rc5 18. hxg6 Rxd5 19. gxh7+ Kxh7
20. Bxg7+ Kxg7 21. Qh6+ 1-0

[Event "Lansing (MI Am/1/9)"]
[Site "?"]
[Date "1990.??.??"]
[Round "?"]
[White "Smith, Michael R"]
[Black "Sells, P."]
[Result "1-0"]
[WhiteElo "1925"]
[BlackElo "1605"]
[PlyCount "63"]
[EventDate "1990.??.??"]

{1/(9)} 1. e4 e5 2. Nf3 Nc6 3. Bb5 a6 4. Ba4 Nf6 5. O-O Nxe4 6. d4 b5 7. Bb3 d5
8. dxe5 Be6 9. Qe2 Bc5 10. Be3 Qe7 11. Rd1 Rd8 12. c3 O-O 13. Nbd2 Bxe3 14.
Qxe3 Nc5 15. Nd4 Qd7 16. Bc2 Ne7 17. N4f3 Qc6 18. Nd4 Qd7 19. f4 Bg4 20. Rf1
Ne6 21. N2b3 f6 22. Nxe6 Qxe6 23. Nd4 Qd7 24. f5 fxe5 25. Ne6 Nxf5 26. Bxf5
Bxf5 27. Nxf8 Rxf8 28. Qxe5 Be4 29. Rxf8+ Kxf8 30. Rf1+ Kg8 31. Rd1 Bxg2 32.
Kxg2 1-0

[Event "Flint (Class A/5)"]
[Site "?"]
[Date "1990.??.??"]
[Round "?"]
[White "Smith, Michael R"]
[Black "Scott, Steven"]
[Result "1-0"]
[WhiteElo "1935"]
[BlackElo "1925"]
[PlyCount "85"]
[EventDate "1990.??.??"]

1. e4 c5 2. Nf3 d6 3. d4 cxd4 4. Nxd4 Nf6 5. Nc3 e6 6. Bg5 Be7 7. f4 a6 8. Qf3
Qc7 9. O-O-O Nbd7 10. g4 b5 11. Bxf6 Nxf6 12. g5 Nd7 13. a3 Bb7 14. Bh3 Nf8 15.
Rhg1 g6 16. Qe3 Qb6 17. Qe2 Nd7 18. f5 e5 19. Nb3 O-O-O 20. f6 Bf8 21. Bg4 Kb8
22. Bxd7 Rxd7 23. Rg3 d5 24. exd5 Bd6 25. Ne4 h6 26. Rh3 h5 27. Rhd3 Rc8 28.
Nxd6 Qxd6 29. Re3 Rdc7 30. Na1 Re8 31. Re1 Qxd5 32. Rxe5 Rxe5 33. Qxe5 Qa2 34.
Nb3 Bc8 35. Re3 Be6 36. Rc3 Bc4 37. Nc5 Qa1+ 38. Kd2 Qf1 39. Nxa6+ Kb7 40.
Qxc7+ Kxa6 41. Qc6+ Ka7 42. Qf3 Qg1 43. Qe3+ 1-0

[Event "Flint (Class A/1)"]
[Site "?"]
[Date "1990.??.??"]
[Round "?"]
[White "Smith, Michael R"]
[Black "Manion, Tom"]
[Result "0-1"]
[WhiteElo "1935"]
[BlackElo "1885"]
[PlyCount "70"]
[EventDate "1990.??.??"]

1. e4 e5 2. Nf3 Nf6 3. Nxe5 d6 4. Nf3 Nxe4 5. d4 d5 6. Bd3 Be7 7. O-O O-O 8.
Re1 Bf5 9. Nbd2 Nd6 10. Bxf5 Nxf5 11. c3 c6 12. Nf1 Nd7 13. Bf4 Nf6 14. Qd3 Qd7
15. Ne5 Qc8 16. Nd2 Re8 17. Re2 Nh5 18. Bg3 Nfxg3 19. hxg3 f6 20. Ng6 Bd6 21.
Rae1 Rxe2 22. Rxe2 Qd7 23. Nh4 Re8 24. Ndf3 Rxe2 25. Qxe2 g5 26. Nf5 Bf8 27.
N3h4 Ng7 28. Qg4 Kh8 29. Nh6 Qe8 30. Nf3 Ne6 31. Nf5 h5 32. Qh3 g4 33. Qh4 Qg6
34. Ne3 gxf3 35. gxf3 Bh6 0-1

[Event "Lansing (MI Am/5/5)"]
[Site "?"]
[Date "1990.??.??"]
[Round "?"]
[White "Smith, Michael R"]
[Black "Hobbs, Raymond"]
[Result "1-0"]
[WhiteElo "1925"]
[BlackElo "1670"]
[PlyCount "79"]
[EventDate "1990.??.??"]

{5/(5)} 1. e4 e6 2. d4 d5 3. Nd2 Nf6 4. e5 Nfd7 5. Bd3 c5 6. c3 Nc6 7. Ne2 Qb6
8. Nf3 cxd4 9. cxd4 f6 10. exf6 Nxf6 11. O-O Bd6 12. Re1 O-O 13. Nc3 a6 14. Na4
Qc7 15. Bg5 Qf7 16. Bh4 b5 17. Nb6 Rb8 18. Nxc8 Rbxc8 19. Ng5 Qh5 20. Bxh7+ Kh8
21. Qxh5 Nxh5 22. Bg6 Nf4 23. Nf7+ Rxf7 24. Bxf7 Nxd4 25. Bg3 Nfe2+ 26. Kf1
Nxg3+ 27. hxg3 Rf8 28. Rad1 Rxf7 29. Rxd4 Bxg3 30. Re2 Rf6 31. Rd3 Bd6 32. Rc2
Be5 33. Ra3 d4 34. Rxa6 d3 35. Rd2 Bd4 36. Ra3 Be3 37. Rdxd3 Bxf2 38. Rf3 Rxf3
39. Rxf3 Bd4 40. Rb3 1-0

[Event "Flint (Class A/3)"]
[Site "?"]
[Date "1990.??.??"]
[Round "?"]
[White "Smith, Michael R"]
[Black "Decker, Dale"]
[Result "1-0"]
[WhiteElo "1935"]
[BlackElo "1870"]
[PlyCount "59"]
[EventDate "1990.??.??"]

1. e4 d5 2. exd5 Qxd5 3. Nc3 Qa5 4. d4 Nf6 5. Nf3 Bf5 6. Bd3 Bxd3 7. Qxd3 c6 8.
Bd2 Qc7 9. O-O-O e6 10. Qe2 Nbd7 11. Ne5 Bd6 12. Rhe1 O-O 13. g4 Nd5 14. g5
Rae8 15. f4 Nxc3 16. Bxc3 f6 17. gxf6 Nxf6 18. Bd2 c5 19. dxc5 Bxc5 20. Kb1 Nd5
21. Qe4 Bd6 22. Re2 b5 23. Rg1 Re7 24. Reg2 Nf6 25. Qe2 Rc8 26. Be1 Nd7 27. Bh4
Nxe5 28. Bxe7 g6 29. Bxd6 Qxd6 30. Qxe5 1-0

[Event "Lansing (Jan)"]
[Site "?"]
[Date "1990.??.??"]
[Round "?"]
[White "Smith, MD."]
[Black "Vandenburg, V.E."]
[Result "1-0"]
[WhiteElo "1605"]
[BlackElo "1630"]
[PlyCount "73"]
[EventDate "1990.??.??"]

1. Nf3 b5 2. g3 Bb7 3. Bg2 c5 4. O-O e6 5. a4 b4 6. c4 Nf6 7. d4 cxd4 8. Qxd4
Nc6 9. Qd1 Bc5 10. Bg5 h6 11. Bf4 g5 12. Bc1 O-O 13. b3 Qb6 14. Bb2 Ne4 15.
Nbd2 Nxf2 16. Qc2 Ng4+ 17. Kh1 Ne3 18. Qc1 Nxf1 19. Nxf1 f6 20. Qc2 Ne7 21.
N1d2 d5 22. cxd5 Bxd5 23. Ne4 Bxe4 24. Qxe4 Qc6 25. Qg4 Qd5 26. Nd4 Qe5 27.
Bxa8 f5 28. Qf3 Bxd4 29. Bxd4 Qxd4 30. Rc1 e5 31. Qb7 Qe4+ 32. Qxe4 fxe4 33.
Bxe4 Rd8 34. Rc7 Rd1+ 35. Kg2 Kf8 36. Rxa7 Rd2 37. Bd3 $138 1-0

[Event "Lansing (Jan)"]
[Site "?"]
[Date "1990.??.??"]
[Round "?"]
[White "Smith, MD."]
[Black "Hummel, G."]
[Result "0-1"]
[WhiteElo "1605"]
[BlackElo "1605"]
[PlyCount "80"]
[EventDate "1990.??.??"]

1. Nf3 c5 2. g3 Nf6 3. Bg2 d5 4. O-O g6 5. d4 cxd4 6. Nxd4 Bg7 7. c4 O-O 8.
cxd5 Nxd5 9. Qa4 Nb6 10. Qb4 Qxd4 11. Qxe7 Nc6 12. Qg5 Bf5 13. Nc3 Qf6 14. Qf4
Qe5 15. Qh4 Rfe8 16. Bh6 Rab8 17. Bxg7 Kxg7 18. Qg5 Nd4 19. e4 Bd7 20. Qd2 Nc4
21. Qc1 b5 22. f4 Qc5 23. Kh1 b4 24. Nd5 Rbc8 25. b3 Na3 26. Qd2 a5 27. Rac1
Qa7 28. Qe3 Nac2 29. Qf2 Qb8 30. Rfd1 a4 31. Rxd4 Nxd4 32. Rxc8 Rxc8 33. Qxd4+
Kh6 34. Ne3 Rc1+ 35. Bf1 axb3 36. axb3 Bh3 37. Kg1 Qb5 38. Qc4 Rxc4 39. Nxc4
Bxf1 40. Kxf1 Qe8 0-1

[Event "Detroit (MOR/7/40)"]
[Site "?"]
[Date "1990.??.??"]
[Round "?"]
[White "Smith, Lester"]
[Black "Weber, K."]
[Result "0-1"]
[WhiteElo "1605"]
[BlackElo "1605"]
[PlyCount "50"]
[EventDate "1990.??.??"]

{7/(40)} 1. e4 e6 2. d4 d5 3. e5 c5 4. c3 Nc6 5. Nf3 Nge7 6. Bg5 h6 7. Bh4 Qb6
8. Qb3 Nf5 9. dxc5 Bxc5 10. Qc2 Nxh4 11. Nxh4 Nxe5 12. Bd3 Nxd3+ 13. Qxd3 Bxf2+
14. Kd1 Bxh4 15. Qc2 e5 16. Qa4+ Bd7 17. Qxh4 Qxb2 18. Qg3 Qxa1 19. Kc1 Qxa2
20. Qxe5+ Kd8 21. Qxg7 Re8 22. Qf6+ Kc8 23. Qf3 Re2 24. Qd3 Qb2+ 25. Kd1 Ba4+
0-1

[Event "Detroit (MOR/3/41)"]
[Site "?"]
[Date "1990.??.??"]
[Round "?"]
[White "Smith, Lester"]
[Black "Sunts, A."]
[Result "0-1"]
[WhiteElo "1605"]
[BlackElo "1605"]
[PlyCount "111"]
[EventDate "1990.??.??"]

{3/(41)} 1. e4 e5 2. Nf3 Nc6 3. Nc3 d6 4. Bc4 Be7 5. d3 Nf6 6. Be3 O-O 7. h3
Be6 8. Bxe6 fxe6 9. g4 d5 10. exd5 exd5 11. g5 Nh5 12. d4 e4 13. Ne5 Nf4 14.
Qg4 Nxe5 15. dxe5 Ng6 16. Qe6+ Kh8 17. O-O-O Bxg5 18. Nxd5 Bxe3+ 19. fxe3 Qg5
20. Rhg1 Qxe5 21. Qxe5 Nxe5 22. Nxc7 Rac8 23. Ne6 Rf7 24. Ng5 Rf2 25. Nxe4
Rfxc2+ 26. Kb1 g6 27. Rd8+ Kg7 28. Rxc8 Rxc8 29. Nd6 Rf8 30. Rg5 Rf1+ 31. Kc2
Rf2+ 32. Kb1 Nf3 33. Rg4 b6 34. Kc1 Ne5 35. Rd4 Rf1+ 36. Kc2 Nf3 37. Re4 Rf2+
38. Kc1 Kh6 39. Nc8 Ne1 40. Rd4 Rc2+ 41. Kd1 Rxc8 42. Kxe1 Rc2 43. Rd2 Rc5 44.
e4 Re5 45. Rd4 Kg5 46. Ke2 Kf4 47. Kd3 h5 48. Rd5 Rxe4 49. Rd7 Re3+ 50. Kc4 a6
51. Rd6 b5+ 52. Kb4 g5 53. Rh6 h4 54. Ka5 Re5 55. a4 bxa4+ 56. Kxa4 {
[Remainder illegible; 0-1, 60?]} 0-1

[Event "Detroit (MOR/5/51)"]
[Site "?"]
[Date "1990.??.??"]
[Round "?"]
[White "Smith, Lester"]
[Black "Shields, B."]
[Result "0-1"]
[WhiteElo "1605"]
[BlackElo "1605"]
[PlyCount "110"]
[EventDate "1990.??.??"]

{5/(51)} 1. e4 e6 2. d4 c5 3. c3 d5 4. e5 c4 5. Nf3 Be7 6. g3 f6 7. b3 fxe5 8.
Nxe5 Nf6 9. Bf4 b5 10. Qf3 O-O 11. bxc4 bxc4 12. Bxc4 Ne4 13. Bd3 Ng5 14. Qh5
Qe8 15. Qg4 Qd8 16. Qh5 Qe8 17. Qg4 Qd8 18. Bxg5 Bxg5 19. Qh5 h6 20. Ng4 Ba6
21. h4 Bxd3 22. hxg5 Qxg5 23. f4 Qxh5 24. Rxh5 Bf5 25. Rh4 g5 26. fxg5 hxg5 27.
Nh6+ Kg7 28. Nxf5+ exf5 29. Rh2 Nc6 30. Nd2 Rae8+ 31. Kf2 f4 32. gxf4 Rxf4+ 33.
Kg1 Rg4+ 34. Kf1 Rf8+ 35. Rf2 Rh8 36. Rb1 Rh1+ 37. Ke2 Rxb1 38. Nxb1 Re4+ 39.
Kd3 Rf4 40. Rg2 Kg6 41. Re2 Kf5 42. Nd2 g4 43. Rh2 Kg5 44. Ke3 g3 45. Rg2 Kg4
46. a4 Na5 47. Rg1 Rf2 48. Nf1 Rf3+ 49. Kd2 Nc4+ 50. Kc2 Rf2+ 51. Kd3 Nb2+ 52.
Ke3 Nd1+ 53. Kd3 g2 54. Ne3+ Nxe3 55. Kxe3 Kg3 0-1

[Event "Detroit (MOR/1b/24)"]
[Site "?"]
[Date "1990.??.??"]
[Round "?"]
[White "Smith, Lester"]
[Black "McGinniss, M."]
[Result "0-1"]
[WhiteElo "1605"]
[BlackElo "1605"]
[PlyCount "154"]
[EventDate "1990.??.??"]

1. e4 c5 2. c3 g6 3. d4 cxd4 4. cxd4 Bg7 5. Nf3 Nf6 6. Nc3 O-O 7. Bc4 a6 8. Bf4
b5 9. e5 Nh5 10. Bd5 Ra7 11. Bg5 h6 12. Be3 e6 13. Be4 f5 14. Bd3 f4 15. Bd2
Bb7 16. Bxg6 Bxf3 17. Qxf3 Nf6 18. exf6 Qxf6 19. Be4 Qxd4 20. Rd1 Qe5 21. g3
fxg3 22. Qxg3 d5 23. Qxe5 Bxe5 24. Rg1+ Rg7 25. Rxg7+ Kxg7 26. Bd3 Bxh2 27. Ke2
Nc6 28. Rh1 Nd4+ 29. Kf1 Nf3 30. Bc1 Bf4 31. Ke2 Nd4+ 32. Kd1 Bxc1 33. Kxc1
Rxf2 34. Rg1+ Kf8 35. Rg4 Nf5 36. Bxf5 Rxf5 37. Rg6 Rf1+ 38. Kc2 Ke7 39. Rxh6
Rf8 40. Rh7+ Rf7 41. Rh8 Rf8 42. Rh7+ Rf7 43. Rh8 Rf8 44. Rh3 Kd6 45. Rh7 Rc8
46. a3 d4 47. Ra7 Rc6 48. Kb3 dxc3 49. bxc3 Kc5 50. Rh7 e5 51. Re7 Kd5 52. Kb4
Re6 53. Rd7+ Rd6 54. Re7 e4 55. Ra7 e3 56. Rh7 Re6 57. Rh1 e2 58. Re1 Kc6 59.
Kb3 Kc5 60. Kc2 Kc4 61. Kd2 Kb3 62. Rb1+ Kxa3 63. Ke1 Ka2 64. Rb4 Ka3 65. Rb1
Ka2 66. Rb4 Re5 67. c4 Re4 68. cxb5 Rxb4 69. bxa6 Ra4 70. a7 Rxa7 71. Kxe2 Ra3
72. Kd2 Kb2 73. Ke2 Kc2 74. Kf2 Kd2 75. Kg2 Ke2 76. Kh2 Kf2 77. Kh1 Rh3# 0-1

[Event "Lansing (Mini-Swiss.2/1)"]
[Site "?"]
[Date "1990.??.??"]
[Round "?"]
[White "Smith, Ed"]
[Black "Triplett, Thomas"]
[Result "0-1"]
[WhiteElo "1755"]
[BlackElo "1850"]
[PlyCount "88"]
[EventDate "1990.??.??"]

{2/(1)} 1. d4 Nf6 2. Nf3 e6 3. g3 Be7 4. Bg2 O-O 5. O-O d6 6. c4 c6 7. Nc3 Na6
8. e4 Nc7 9. d5 cxd5 10. exd5 e5 11. Nd2 Na6 12. Nde4 Bd7 13. b3 Qc8 14. Ba3
Nxe4 15. Nxe4 Qc7 16. Qh5 f5 17. Ng5 Bxg5 18. Qxg5 Rf7 19. Qe3 f4 20. gxf4 Rxf4
21. Bh3 Bxh3 22. Qxh3 Nc5 23. Bc1 Rf7 24. b4 Qd7 25. Qxd7 Nxd7 26. Be3 b6 27.
a4 Rf3 28. a5 Rc8 29. Rfc1 e4 30. axb6 axb6 31. Ra7 Ne5 32. Bxb6 Rxc4 33. Rxc4
Nxc4 34. Bd4 Rd3 35. Bxg7 Rxd5 36. Bf6 h5 37. Re7 Rf5 38. Bd4 Nd2 39. Be3 Nf3+
40. Kg2 d5 41. Bc5 Rg5+ 42. Kh3 Rg4 43. Re8+ Kh7 44. Re7+ Kg6 0-1

[Event "Detroit (RVO/3)"]
[Site "?"]
[Date "1990.??.??"]
[Round "?"]
[White "Smith, Ed"]
[Black "Miller, Dan"]
[Result "1-0"]
[WhiteElo "1750"]
[BlackElo "1605"]
[PlyCount "113"]
[EventDate "1990.??.??"]

1. c4 e6 2. Nf3 Nf6 3. g3 b6 4. Bg2 Bb7 5. O-O g6 6. d4 c5 7. e3 Bg7 8. Nc3 d6
9. d5 Qe7 10. e4 O-O 11. Re1 Re8 12. dxe6 Qxe6 13. Nd5 Qd7 14. Qd3 Nxd5 15.
cxd5 Na6 16. a3 b5 17. Rb1 b4 18. Bf4 Rac8 19. Nd2 Rcd8 20. Nc4 Qe7 21. Na5 Qc7
22. Nxb7 Qxb7 23. Bf1 Nc7 24. Qc4 a5 25. Bd2 Na8 26. axb4 axb4 27. b3 Nc7 28.
Bc1 Ra8 29. Bb2 Bxb2 30. Rxb2 Ra5 31. Qc1 Kg7 32. Bc4 Nb5 33. f4 Nd4 34. Rf2
Ra3 35. Qb2 Rea8 36. e5 Ra2 37. Qb1 Ra1 38. Qe4 Qe7 39. Rxa1 Rxa1+ 40. Kg2 h5
41. Qd3 Rc1 42. exd6 Qxd6 43. Qe4 Kf8 44. Ra2 f5 45. Ra8+ Kf7 46. Qe8+ Kf6 47.
Qh8+ Kf7 48. Ra7+ Qe7 49. Rxe7+ Kxe7 50. Qe5+ Kd7 51. Qg7+ Kd8 52. d6 Rc2+ 53.
Kh3 Nc6 54. Qc7+ Ke8 55. Qxc6+ Kd8 56. Qc7+ Ke8 57. Qe7# 1-0

[Event "Detroit (RVO/4)"]
[Site "?"]
[Date "1990.??.??"]
[Round "?"]
[White "Smith, Ed"]
[Black "Hendricks, Marcus"]
[Result "1/2-1/2"]
[WhiteElo "1750"]
[BlackElo "1995"]
[PlyCount "101"]
[EventDate "1990.??.??"]

1. c4 c5 2. Nf3 Nc6 3. g3 Nf6 4. Nc3 g6 5. Bg2 Bg7 6. O-O d6 7. d3 Bd7 8. Rb1
Qc8 9. a3 Bh3 10. Nd5 Bxg2 11. Kxg2 O-O 12. Nxf6+ Bxf6 13. b4 Nd4 14. e3 Ne6
15. Bb2 Bxb2 16. Rxb2 Qc6 17. b5 Qc7 18. h4 b6 19. Ng5 Nxg5 20. hxg5 f6 21. Qg4
Qb7+ 22. e4 f5 23. Qh4 e5 24. f3 f4 25. g4 a6 26. Rfb1 axb5 27. Rxb5 Ra6 28. a4
Rb8 29. a5 Qa7 30. Rxb6 Rbxb6 31. Rxb6 Rxa5 32. Rxd6 Ra2+ 33. Kh3 Qc7 34. Rd5
Ra1 35. Qf2 Qe7 36. Qxc5 Qxc5 37. Rxc5 Ra3 38. Rd5 Kf7 39. Kg2 Ke6 40. c5 Rc3
41. Kf2 Rc2+ 42. Ke1 Ra2 43. d4 exd4 44. Rxd4 Rc2 45. Rd5 Rc3 46. Ke2 Re3+ 47.
Kf2 Rc3 48. Rd6+ Ke5 49. Rd5+ Ke6 50. Rd6+ Ke5 51. Rd5+ 1/2-1/2

[Event "Lansing (Mini-Swiss.2/2)"]
[Site "?"]
[Date "1990.??.??"]
[Round "?"]
[White "Smith, Ed"]
[Black "Decker, Dale"]
[Result "1-0"]
[WhiteElo "1755"]
[BlackElo "1825"]
[PlyCount "67"]
[EventDate "1990.??.??"]

{2/(2)} 1. d4 d6 2. c4 c5 3. d5 b5 4. e4 g6 5. Bd2 b4 6. a3 bxa3 7. Rxa3 Bg7 8.
Bc3 Nf6 9. Bd3 O-O 10. Ne2 Nbd7 11. O-O Nb6 12. Nd2 Bd7 13. Qa1 Qc7 14. f4 a6
15. e5 Ne8 16. Rxa6 Qb7 17. Rxa8 Nxa8 18. Rb1 Nb6 19. b4 Na4 20. bxc5 Qa7 21.
Bd4 dxe5 22. fxe5 Bh6 23. Nf3 Bf5 24. Bxf5 gxf5 25. Nc3 Nxc3 26. Qxa7 Nxb1 27.
Qa2 f6 28. Qxb1 fxe5 29. Bxe5 Be3+ 30. Kf1 Bxc5 31. Qb5 Be3 32. Qd7 Nd6 33.
Bxd6 exd6 34. Qe6+ 1-0

[Event "Lansing (MI Am/3/1)"]
[Site "?"]
[Date "1990.??.??"]
[Round "?"]
[White "Smith, David"]
[Black "Vukotic, D."]
[Result "1-0"]
[WhiteElo "1875"]
[BlackElo "1970"]
[PlyCount "67"]
[EventDate "1990.??.??"]

{3/(1)} 1. e4 c5 2. Nf3 d6 3. d4 cxd4 4. Nxd4 Nf6 5. Nc3 g6 6. Be3 Bg7 7. Bc4
O-O 8. f3 Nc6 9. Qd2 Bd7 10. h4 Rc8 11. Bb3 Ne5 12. O-O-O Nc4 13. Bxc4 Rxc4 14.
Kb1 a6 15. Nde2 Qc7 16. Bh6 Be6 17. g4 Bxh6 18. Qxh6 Qa5 19. h5 g5 20. Nd5 Bxd5
21. Qxg5+ Kh8 22. exd5 Qc5 23. Qf5 Rc8 24. c3 b5 25. g5 b4 26. cxb4 Qe3 27.
gxf6 e6 28. Qd3 Rc1+ 29. Nxc1 Rxc1+ 30. Rxc1 Qxd3+ 31. Ka1 h6 32. dxe6 fxe6 33.
Rc8+ Kh7 34. Rhc1 1-0

[Event "Lansing (Jan)"]
[Site "?"]
[Date "1990.??.??"]
[Round "?"]
[White "Smith, David"]
[Black "Triplett, Thomas"]
[Result "1-0"]
[WhiteElo "1885"]
[BlackElo "1935"]
[PlyCount "69"]
[EventDate "1990.??.??"]

1. e4 c5 2. Nf3 d6 3. d4 cxd4 4. Nxd4 Nf6 5. Nc3 a6 6. Bg5 e6 7. f4 Qb6 8. Qd2
Qxb2 9. Nb3 Qa3 10. Bd3 Nc6 11. O-O Be7 12. Rae1 Qb4 13. e5 Qb6+ 14. Kh1 Nd7
15. Nd5 Qd8 16. Nxe7 Nxe7 17. exd6 f6 18. Rxe6 O-O 19. dxe7 Qc7 20. e8=Q Nc5
21. Bxh7+ Kxh7 22. Qh5+ Kg8 23. Nxc5 Qxc5 24. Qd3 f5 25. Qb3 Qb5 26. Re3+ Qxb3
27. axb3 Bd7 28. Rd3 Be8 29. Qh4 Rf7 30. Rh3 Rc7 31. Qh8+ Kf7 32. Rh7 Ke6 33.
Rxg7 Bg6 34. Rxg6+ Kf7 35. Qf6+ 1-0

[Event "Lansing (MI Am/1/21)"]
[Site "?"]
[Date "1990.??.??"]
[Round "?"]
[White "Smith, David"]
[Black "Sujarit, T."]
[Result "1-0"]
[WhiteElo "1875"]
[BlackElo "1605"]
[PlyCount "97"]
[EventDate "1990.??.??"]

{1/(21)} 1. e4 e5 2. Nf3 Nc6 3. Bb5 a6 4. Ba4 b5 5. Bb3 Nf6 6. O-O Na5 7. Nxe5
Nxb3 8. axb3 Bd6 9. Nf3 O-O 10. e5 Qe7 11. exd6 Qxd6 12. Nc3 Bb7 13. d3 Ng4 14.
Ne4 Bxe4 15. dxe4 Qxd1 16. Rxd1 d6 17. h3 Ne5 18. Nxe5 dxe5 19. Rd5 f6 20. Be3
c6 21. Rd7 Rf7 22. Rad1 Rxd7 23. Rxd7 g6 24. Bb6 Rb8 25. Rd8+ Rxd8 26. Bxd8 f5
27. f3 Kf7 28. b4 h5 29. Kf2 Ke6 30. Kg3 f4+ 31. Kh4 Kd7 32. Bf6 Ke6 33. Kg5
Kf7 34. Bxe5 Ke6 35. Bxf4 Kf7 36. Bd6 Kg7 37. e5 Kf7 38. g4 hxg4 39. hxg4 Ke8
40. Kxg6 Kd8 41. e6 Ke8 42. Kf6 Kd8 43. Kf7 Kc8 44. e7 Kd7 45. Bc5 Kc8 46.
e8=Q+ Kc7 47. Qe7+ Kc8 48. Bd6 c5 49. Qc7# 1-0

[Event "Lansing (Jan)"]
[Site "?"]
[Date "1990.??.??"]
[Round "?"]
[White "Smith, David"]
[Black "Ruhlmann, Max"]
[Result "0-1"]
[WhiteElo "1885"]
[BlackElo "1795"]
[PlyCount "48"]
[EventDate "1990.??.??"]

1. e4 e5 2. Nf3 f5 3. Nxe5 Qf6 4. d4 d6 5. Nc4 fxe4 6. Ne3 Qg6 7. Nc3 Nf6 8. b3
c6 9. d5 Bg4 10. Nxg4 Nxg4 11. Qd2 Be7 12. h3 Nf6 13. Bb2 Nbd7 14. O-O-O O-O
15. Bc4 Nb6 16. Qe2 Kh8 17. Rhe1 Nxc4 18. Qxc4 Qg5+ 19. Kb1 cxd5 20. Nxd5 Nxd5
21. Qxe4 Rxf2 22. Rxd5 Qxg2 23. Qxg2 Rxg2 24. Rxe7 Rf8 $138 0-1

[Event "Lansing (MI Am/5/4)"]
[Site "?"]
[Date "1990.??.??"]
[Round "?"]
[White "Smith, David"]
[Black "Manion, Tom"]
[Result "0-1"]
[WhiteElo "1875"]
[BlackElo "1935"]
[PlyCount "52"]
[EventDate "1990.??.??"]

{5/(4)} 1. e4 e5 2. Nf3 Nf6 3. d4 Nxe4 4. Bd3 d5 5. Nxe5 Bd6 6. O-O O-O 7. c4
c6 8. Re1 Bb4 9. Re3 f5 10. c5 Ba5 11. a3 Nd7 12. b4 Bc7 13. Bb2 Qh4 14. g3 Qg5
15. Nd2 Ndf6 16. Ndf3 Qh6 17. Bc1 g5 18. h4 f4 19. Re1 fxg3 20. fxg3 Nxg3 21.
hxg5 Qg7 22. Ra2 Nfe4 23. Rg2 Kh8 24. Kh2 Nxg5 25. Nxg5 Nf5 26. Ngf7+ Qxf7 0-1

[Event "Detroit (MI Op/5/40)"]
[Site "?"]
[Date "1990.??.??"]
[Round "?"]
[White "Smith, Daryn"]
[Black "Smith, Mike A"]
[Result "1-0"]
[WhiteElo "1890"]
[BlackElo "1795"]
[PlyCount "97"]
[EventDate "1990.??.??"]

{5/(40)} 1. e4 c6 2. g3 d5 3. Bg2 dxe4 4. Bxe4 Nf6 5. Bf3 Bf5 6. d3 e6 7. Nc3
Bc5 8. Be3 Bd6 9. h3 Nbd7 10. g4 Bg6 11. Be2 Nb6 12. Qd2 Nbd5 13. Nxd5 cxd5 14.
h4 h6 15. O-O-O Qc7 16. f4 a6 17. Bf3 O-O-O 18. Ne2 Kb8 19. Kb1 Rc8 20. Nc1 Bc5
21. Bxc5 Qxc5 22. Nb3 Qb6 23. h5 Bh7 24. g5 Nd7 25. Rhg1 hxg5 26. fxg5 Bf5 27.
Rc1 Nc5 28. g6 fxg6 29. hxg6 Rh6 30. Bxd5 Bxg6 31. Nxc5 Rxc5 32. Bc4 Qc7 33.
Qc3 b5 34. Qb3 Bf5 35. Rce1 Qd7 36. Qb4 Rc8 37. Bb3 g6 38. Qf4+ Qc7 39. Qxh6 a5
40. Bxe6 Qxc2+ 41. Ka1 Bxe6 42. Rxe6 b4 43. Ree1 a4 44. Qf4+ Ka8 45. Qxb4 Rb8
46. Qa5+ Kb7 47. Qb5+ Ka7 48. Re7+ Ka8 49. Qa6# 1-0